000 01233cam a2200325 i 4500
001 3069894
003 EG-ScBUE
005 20250720104908.0
008 970304t1997 enka f b 001 0 eng
020 _a0471973955 (alk. paper)
020 _a9780471973959
035 _a(DLC) 97011247
040 _aEG-ScBUE
_beng
_erda
_cEG-ScBUE
_dEG-ScBUE
082 0 4 _a541.226
_222
_bTHE
245 0 0 _aTheoretical treatments of hydrogen bonding /
_cedited by Dušan Hadži, National Institute of Chemistry Ljubljana, Slovenia.
264 1 _aChichester :
_bJohn Wiley & Sons,
_c[1997]
264 4 _cc1997
300 _axiii 318 pages :
_billustrations ;
_c26 cm.
336 _2rdacontent
_atext
_btxt
337 _aunmediated
_2rdamedia
_bn
338 _avolume
_bnc
_2rdacarrier
490 0 _aWiley research series in theoretical chemistry
504 _aIncludes bibliographical references and index.
650 7 _aHydrogen bonding.
_910624
_2BUEsh
655 _vReading book
700 1 _aHadži, D.
_q(Dušan),
_910625
_eeditor.
856 4 2 _3Publisher description
_uhttp://www.loc.gov/catdir/description/wiley032/97011247.html
856 4 1 _3Table of contents
_uhttp://www.loc.gov/catdir/toc/wiley022/97011247.html
942 _2ddc
_cBB
999 _c13197
_d13197